Hysterektómia - náročná skúška ženy

Bibliographic Details
Main Authors: Herčková, Alena (Author), Jobbágyová, Darina (Author)
Format: Article
Language:Slovak

MARC

LEADER 00000nab a2200000ua 4500
001 vtls010829635
003 SK-MaSNL
005 20260303144427.0
008 230222s2002 xo |||||||||||||||||slo|
035 |a (urnnbn)urn:nbn:sk:snk:ar-a06fxu 
035 |a urn:nbn:sk:snk-ab5uy6 
035 |a (uuid)bd66b019-4082-44ea-9819-2c6c457765eb 
040 |a SNKBUCL  |b slo  |c SNKBUCL  |e AACR2 
041 0 |a slo 
044 |a xo  |c SK 
100 1 |a Herčková, Alena  |4 aut  |9 1165916 
245 1 0 |a Hysterektómia - náročná skúška ženy  |c Alena Herčková, Darina Jobbágyová 
700 1 |a Jobbágyová, Darina  |4 aut  |9 475723 
773 0 |t Sestra : odborný mesačník pre ošetrovateľstvo  |g Roč. 1, č. 5 (2002), s. 43 
954 |a odborná, vedecká literatúra pôvodná (slovenská)  |2 lita 
958 |a OND 
958 |a EUIPO 
958 |a article5 
999 |c 1997381  |d 1999311